[Event "World Amateur-ch"]
[Site "Iasi"]
[Date "2013.04.30"]
[Round "9"]
[White "Ahlqvist, Esa"]
[Black "Ismail, Hany"]
[Result "1-0"]
[WhiteElo "1859"]
[BlackElo "1933"]
[PlyCount "75"]
[EventDate "2013.04.22"]
[EventType "swiss"]
[EventRounds "9"]
[EventCountry "ROU"]
[SourceTitle "CBM 154 Extra"]
[Source "ChessBase"]
[SourceDate "2013.06.25"]
[SourceVersion "2"]
[SourceVersionDate "2013.06.25"]
[SourceQuality "1"]

1. e4 c6 2. d4 d5 3. exd5 cxd5 4. c4 Nf6 5. Nc3 Nc6 6. Bg5 dxc4 7. d5 Ne5 8. Qd4 Nd3+ 9. Bxd3 cxd3 10. Qxd3 a6 11. Nf3 g6 12. 0-0 Bg7 13. Rfe1 0-0 14. Rad1 Bf5 15. Qe3 Re8 16. Ne5 Rc8 17. h3 b5 18. Nc6 Qd7 19. Nxe7+ Kh8 20. d6 b4 21. Bxf6 Bxf6 22. Ncd5 Qxd6 23. Nxc8 Rxc8 24. Qa7 Kg7 25. Ne7 Qc5 26. Nxc8 Qxc8 27. Rc1 Qf8 28. Rc7 g5 29. b3 Bd3 30. Rd1 Bb5 31. Qc5 Qe8 32. Qd5 h6 33. Qf5 Qe2 34. Rdc1 Qe8 35. Rb7 Qe2 36. Rxf7+ Kxf7 37. Rc7+ Ke8 38. Qxf6 1-0

[Event "World Amateur-ch"]
[Site "Iasi"]
[Date "2013.04.29"]
[Round "8"]
[White "Ismail, Hany"]
[Black "Bayarkhuu, Hurelchuluun"]
[Result "1/2-1/2"]
[WhiteElo "1933"]
[BlackElo "1908"]
[PlyCount "110"]
[EventDate "2013.04.22"]
[EventType "swiss"]
[EventRounds "9"]
[EventCountry "ROU"]
[SourceTitle "CBM 154 Extra"]
[Source "ChessBase"]
[SourceDate "2013.06.25"]
[SourceVersion "2"]
[SourceVersionDate "2013.06.25"]
[SourceQuality "1"]

1. e4 c5 2. Nf3 e6 3. c4 Nc6 4. Nc3 Nf6 5. d4 cxd4 6. Nxd4 Bb4 7. Nxc6 bxc6 8. Bd3 e5 9. 0-0 Bc5 10. a3 a5 11. Bg5 h6 12. Bh4 d6 13. Kh1 0-0 14. f3 Rb8 15. Qe2 g5 16. Bf2 Nd7 17. Rab1 Bxf2 18. Rxf2 Nc5 19. b4 axb4 20. axb4 Ne6 21. Qe1 Nd4 22. Rfb2 Bd7 23. b5 cxb5 24. cxb5 Be6 25. Ne2 Qb6 26. Qf2 Nxe2 27. Qxe2 Rfc8 28. Rc2 Rxc2 29. Qxc2 Qd4 30. Bf1 Rc8 31. Qd3 Qb6 32. Qa3 Rc2 33. Bd3 Rd2 34. Rg1 Qd4 35. Bf1 Rd1 36. Qa8+ Kg7 37. Qc6 Qf2 38. h3 Rb1 39. Qxd6 Rxf1 40. Qxe5+ f6 41. Qc7+ Bf7 42. Qh2 Bc4 43. Qc7+ Kg6 44. Rxf1 Bxf1 45. Qh2 Qc5 46. Qb8 Kf7 47. Qb7+ Qe7 48. Qd5+ Kg7 49. Kg1 Be2 50. Kf2 Bxb5 51. Qxb5 Qa7+ 52. Kf1 Qa1+ 53. Kf2 Qa7+ 54. Ke2 Qa2+ 55. Kf1 Qa1+ 1/2-1/2

[Event "World Amateur-ch"]
[Site "Iasi"]
[Date "2013.04.28"]
[Round "7"]
[White "Tazlaoanu, Cezar"]
[Black "Ismail, Hany"]
[Result "0-1"]
[WhiteElo "1852"]
[BlackElo "1933"]
[PlyCount "80"]
[EventDate "2013.04.22"]
[EventType "swiss"]
[EventRounds "9"]
[EventCountry "ROU"]
[SourceTitle "CBM 154 Extra"]
[Source "ChessBase"]
[SourceDate "2013.06.25"]
[SourceVersion "2"]
[SourceVersionDate "2013.06.25"]
[SourceQuality "1"]

1. d4 d5 2. Nf3 Nf6 3. c4 e6 4. Nc3 Be7 5. Bg5 0-0 6. e3 b6 7. Be2 Bb7 8. Rc1 Nbd7 9. Qa4 c5 10. 0-0 cxd4 11. exd4 dxc4 12. Bxc4 a6 13. Be2 b5 14. Qd1 Nb6 15. Ne5 Rc8 16. Bd3 b4 17. Ne2 Nbd5 18. Bb1 a5 19. Qd3 g6 20. Bc2 Qb6 21. Nc4 Rxc4 22. Qxc4 Ba6 23. Qb3 Bxe2 24. Rfe1 Ba6 25. Rcd1 Rc8 26. Bd3 Bb7 27. h3 Kg7 28. Be3 Nxe3 29. fxe3 Qc6 30. Rd2 Qd6 31. Rc2 Qg3 32. Ree2 Rxc2 33. Qxc2 Bd6 34. Kf1 Nh5 35. Be4 Ba6 36. Bd3 Bxd3 37. Qxd3 Nf4 38. Qc2 Nxe2 39. Qxe2 Qh2 40. Ke1 Bg3+ 0-1

[Event "World Amateur-ch"]
[Site "Iasi"]
[Date "2013.04.24"]
[Round "3"]
[White "Dumitrascu, Grigore"]
[Black "Ismail, Hany"]
[Result "0-1"]
[WhiteElo "1788"]
[BlackElo "1933"]
[PlyCount "86"]
[EventDate "2013.04.22"]
[EventType "swiss"]
[EventRounds "9"]
[EventCountry "ROU"]
[SourceTitle "CBM 154 Extra"]
[Source "ChessBase"]
[SourceDate "2013.06.25"]
[SourceVersion "2"]
[SourceVersionDate "2013.06.25"]
[SourceQuality "1"]

1. d4 d5 2. Nf3 Nf6 3. g3 e6 4. Bg2 c5 5. 0-0 Nc6 6. Bg5 h6 7. Bf4 Bd6 8. Bxd6 Qxd6 9. e3 cxd4 10. exd4 0-0 11. c3 b6 12. Nbd2 Ba6 13. Re1 Rac8 14. Qa4 Bb7 15. Ne5 a6 16. Rad1 b5 17. Qb3 Na5 18. Qc2 Rc7 19. Nb3 Nxb3 20. Qxb3 Rd8 21. a3 Bc6 22. Rc1 Be8 23. Rc2 Nd7 24. Nxd7 Bxd7 25. Bf1 Rb7 26. Rec1 Rdb8 27. Rd2 a5 28. Qd1 b4 29. axb4 axb4 30. c4 dxc4 31. Bxc4 Rc7 32. b3 Bc6 33. d5 Bxd5 34. Ra1 Rd7 35. Ra6 Qe5 36. Ra5 Rbd8 37. Rb5 Qe4 38. Bxd5 Rxd5 39. Rdxd5 Rxd5 40. Rb8+ Kh7 41. Qc1 Qf3 42. Qc2+ f5 43. h4 Rd1+ 0-1

[Event "World Amateur-ch"]
[Site "Antalya"]
[Date "2011.10.10"]
[Round "9"]
[White "Ismail, Hany"]
[Black "Prabajith, Asela"]
[Result "0-1"]
[WhiteElo "1993"]
[BlackElo "1820"]
[PlyCount "82"]
[EventDate "2011.10.01"]
[EventType "swiss"]
[EventRounds "9"]
[EventCountry "TUR"]
[SourceTitle "CBM 144 Extra"]
[Source "ChessBase"]
[SourceDate "2011.10.28"]
[SourceVersion "1"]
[SourceVersionDate "2011.10.28"]
[SourceQuality "1"]

1. e4 Nc6 2. d4 d5 3. e5 Bf5 4. c3 e6 5. Bd3 Bg6 6. Nf3 Nge7 7. Na3 Nf5 8. Nc2 Be7 9. Ne3 Nxe3 10. Bxe3 Rb8 11. Qc2 b5 12. 0-0 b4 13. Rfc1 b3 14. axb3 Bxd3 15. Qxd3 Rxb3 16. Rc2 0-0 17. Nd2 Nb4 18. Qf1 Nxc2 19. Nxb3 Nxa1 20. Qxa1 Qb8 21. Nd2 Qb6 22. b4 Ra8 23. Nb3 Qb5 24. g3 h5 25. h4 Qd3 26. Kh2 c6 27. Na5 Rc8 28. Nb7 a6 29. Bf4 Rb8 30. Nd6 Bd8 31. Qa4 Qxc3 32. Qxa6 Bb6 33. b5 cxb5 34. Qxb5 Qa5 35. Qd7 Qa7 36. Qc6 Bxd4 37. Nb5 Qa2 38. Nxd4 Qxf2+ 39. Kh3 Qf1+ 40. Kh2 Rb2+ 41. Nc2 Qf2+ 0-1